<?xml version="1.0" encoding="UTF-8"?>
<record
    xmlns:xsi="http://www.w3.org/2001/XMLSchema-instance"
    xsi:schemaLocation="http://www.loc.gov/MARC21/slim http://www.loc.gov/standards/marcxml/schema/MARC21slim.xsd"
    xmlns="http://www.loc.gov/MARC21/slim">

  <leader>01470nam a2200265 i 4500</leader>
  <controlfield tag="001">11613</controlfield>
  <controlfield tag="003">ES-MaACL</controlfield>
  <controlfield tag="005">20230906150134.0</controlfield>
  <controlfield tag="007">t|</controlfield>
  <controlfield tag="008">950718s1994    sp           ||||0| spa d</controlfield>
  <datafield tag="016" ind1="7" ind2=" ">
    <subfield code="z">SIC92021913</subfield>
  </datafield>
  <datafield tag="020" ind1=" " ind2=" ">
    <subfield code="a">84-7676-281-X</subfield>
  </datafield>
  <datafield tag="040" ind1=" " ind2=" ">
    <subfield code="a">SIC </subfield>
    <subfield code="b">spa </subfield>
    <subfield code="c">SIC</subfield>
  </datafield>
  <datafield tag="080" ind1=" " ind2=" ">
    <subfield code="a">343.1(460)</subfield>
  </datafield>
  <datafield tag="100" ind1="1" ind2=" ">
    <subfield code="a">Majada, Arturo.</subfield>
    <subfield code="9">75639</subfield>
  </datafield>
  <datafield tag="245" ind1="1" ind2="0">
    <subfield code="a">Pr&#xE1;ctica procesal penal </subfield>
    <subfield code="b">: adaptada a la Ley Org&#xE1;nica del Poder Judicial, a la de Enjuiciamiento Criminal y dem&#xE1;s disposiciones penales y procesales complementarias : procedimiento abreviado / </subfield>
    <subfield code="c">Arturo Majada.</subfield>
  </datafield>
  <datafield tag="250" ind1=" " ind2=" ">
    <subfield code="a">5&#xAA; ed., reimp. </subfield>
    <subfield code="b">con legislaci&#xF3;n actualizada por Luis Rib&#xF3; Dur&#xE1;n, Alejandro Rib&#xF3; Bonet.</subfield>
  </datafield>
  <datafield tag="260" ind1=" " ind2=" ">
    <subfield code="a">Barcelona : </subfield>
    <subfield code="b">Bosch, </subfield>
    <subfield code="c">D.L. 1994.</subfield>
  </datafield>
  <datafield tag="300" ind1=" " ind2=" ">
    <subfield code="a">4 v. ; </subfield>
    <subfield code="c">24 cm.</subfield>
  </datafield>
  <datafield tag="505" ind1="8" ind2=" ">
    <subfield code="a">v. 1. Disposiciones generales (arts. 779 al 785 de la Ley de enjuiciamiento criminal) -- v. 2. Disposiciones generales (arts. 785 al 789 de la Ley de enjuiciamiento criminal -- v. 3. Preparaci&#xF3;n del juicio oral (arts. 790 y 791 de la Ley de enjuiciamiento criminal). Juicio oral (arts. 792 al 793 de la Ley de enjuiciamiento criminal) -- v. 4. Juicio oral (arts. 793 al 797 de la Ley de enjuiciamiento criminal). Ejecuci&#xF3;n de sentencias (arts. 798 y 799 de la Ley de enjuiciamiento criminal)</subfield>
  </datafield>
  <datafield tag="650" ind1="1" ind2="4">
    <subfield code="a">Procedimiento penal-</subfield>
    <subfield code="z">Espa&#xF1;a.</subfield>
    <subfield code="9">16429</subfield>
  </datafield>
  <datafield tag="700" ind1="1" ind2=" ">
    <subfield code="a">Rib&#xF3; Dur&#xE1;n, Luis.</subfield>
    <subfield code="9">96830</subfield>
  </datafield>
  <datafield tag="700" ind1="1" ind2=" ">
    <subfield code="a">Rib&#xF3; Bonet, Alejandro.</subfield>
    <subfield code="9">96829</subfield>
  </datafield>
  <datafield tag="852" ind1=" " ind2=" ">
    <subfield code="a">ES-MaACL</subfield>
    <subfield code="j">L-18977-80 </subfield>
    <subfield code="b">R.125119</subfield>
  </datafield>
  <datafield tag="999" ind1=" " ind2=" ">
    <subfield code="c">11613</subfield>
    <subfield code="d">11613</subfield>
  </datafield>
  <datafield tag="952" ind1=" " ind2=" ">
    <subfield code="0">0</subfield>
    <subfield code="1">0</subfield>
    <subfield code="4">0</subfield>
    <subfield code="7">0</subfield>
    <subfield code="a">ATENEOM</subfield>
    <subfield code="b">ATENEOM</subfield>
    <subfield code="c">DEPO2</subfield>
    <subfield code="d">2008-01-17</subfield>
    <subfield code="e">SC</subfield>
    <subfield code="l">0</subfield>
    <subfield code="o">L-18977-80</subfield>
    <subfield code="p">1011837</subfield>
    <subfield code="r">2023-02-23 00:00:00</subfield>
    <subfield code="w">2023-02-23</subfield>
    <subfield code="y">MONOGRAFIA</subfield>
  </datafield>
</record>
